书目信息 |
| 题名: |
Oracle9i基础与提高
|
|
| 作者: | 叶明芷 编著 | |
| 分册: | ||
| 出版信息: | 北京 电子工业出版社 2005.07 |
|
| 页数: | 236页 | |
| 开本: | 26cm | |
| 丛书名: | ||
| 单 册: | ||
| 中图分类: | TN915.07 | |
| 科图分类: | ||
| 主题词: | 有线电通信 | |
| 电子资源: | ||
| ISBN: | 7-121-01279-0 | |
| 000 | 00520nam0 2200193 45 | |
| 001 | 0760444158 | |
| 005 | 20070628164814.87 | |
| 010 | @a7-121-01279-0@dCNY 28.00 | |
| 100 | @a20070628d2005 km y0chiy0120 ea | |
| 101 | 0 | @achi |
| 102 | @aCN@b110000 | |
| 200 | 1 | @aOracle9i基础与提高@f叶明芷编著@Fye ming zhi bian zhu |
| 210 | @a北京@c电子工业出版社@d2005.07 | |
| 215 | @a236页@d26cm | |
| 606 | 0 | @a有线电通信 |
| 690 | @aTN915.07@v4 | |
| 701 | 0 | @a叶明芷@Aye ming zhi@4编著 |
| 801 | 0 | @aCN@c20070628 |
| 905 | @dTN915.07@eY436 | |
| Oracle9i基础与提高/叶明芷编著.-北京:电子工业出版社,2005.07 |
| 236页;26cm |
| ISBN 7-121-01279-0:CNY 28.00 |
| ● |
| 相关链接 |
|
|
|
正题名:Oracle9i基础与提高
索取号:TN915.07/Y436
 
预约/预借
| 序号 | 登录号 | 条形码 | 馆藏地/架位号 | 状态 | 备注 |
| 1 | 450100 | 204501002 | 自科库301/301自科库 998排2列3层/ [索取号:TN915.07/Y436] | 在馆 |